幽灵的脚步 (Record no. 322281)

000 -LEADER
fixed length control field 00384nam a22001577a 4500
020 ## - ISBN
ISBN 9787501445721
082 ## - 索书号 Call Number
分类号Classification number 873.57
作者号 Author number 6550.3
100 ## - 作者
作者 (英)彼得.詹姆斯 Peter James 著
245 ## - 书名 TITLE
书名Title 幽灵的脚步
250 ## - 版本 EDITION STATEMENT
版本叙述 Edition statement 初版;平装
260 ## - 出版项PUBLICATION, DISTRIBUTION, ETC. (IMPRINT)
出版地 Place of publication 北京
出版社 Name of publisher 群众出版社
出版日期 Date of publication 2010
300 ## - 稽核项 PHYSICAL DESCRIPTION
页数 Number of Pages 295页
尺寸 Dimensions 24公分
500 ## - 一般附注 GENERAL NOTE
附注 General note
700 ## - ADDED ENTRY--PERSONAL NAME
第二作者 / 译者 / 绘者 邹凤群 译
942 ## - ADDED ENTRY ELEMENTS (KOHA)
Koha item type Books
Holdings
Source of classification or shelving scheme Not for loan Permanent Location Current Location Shelving location Date acquired Source of acquisition Cost, normal purchase price Full call number Barcode Cost, replacement price Koha item type
    LIBRARY CHUNG HWA HIGH SCHOOL MUAR LIBRARY CHUNG HWA HIGH SCHOOL MUAR 一楼中文小说区 1st Floor Chinese Fiction Area 2025-07-07 33.00 873.57 6550.3 049517 66.00 Books

Powered by Koha